<?xml version="1.0" encoding="UTF-8"?>
<collection xmlns="http://www.loc.gov/MARC21/slim">
 <record>
  <leader>04188nam a2200349 a 4500</leader>
  <controlfield tag="001">kal2337</controlfield>
  <controlfield tag="003">Gr-AtHEAL</controlfield>
  <controlfield tag="005">20160425114225.0</controlfield>
  <controlfield tag="006">m        d        </controlfield>
  <controlfield tag="008">160413s2015    gr      s           gre|c</controlfield>
  <datafield tag="020" ind1=" " ind2=" ">
   <subfield code="a">9789606032790</subfield>
  </datafield>
  <datafield tag="040" ind1=" " ind2=" ">
   <subfield code="a">GR-AtHEAL</subfield>
   <subfield code="b">gre</subfield>
   <subfield code="c">GR-AtHEAL</subfield>
  </datafield>
  <datafield tag="082" ind1="0" ind2="4">
   <subfield code="a">551</subfield>
   <subfield code="2">23</subfield>
  </datafield>
  <datafield tag="100" ind1="1" ind2=" ">
   <subfield code="a">Μελάς, Δημήτριος.</subfield>
   <subfield code="8">806</subfield>
  </datafield>
  <datafield tag="245" ind1="1" ind2="0">
   <subfield code="a">Ατμοσφαιρική τεχνολογία</subfield>
   <subfield code="h">[Ηλεκτρονικός πόρος] </subfield>
   <subfield code="c">Μελάς, Δημήτριος ; Μπάης, Αλκιβιάδης ; Μπαλής, Δημήτριος ; Κριτικός αναγνώστης,Γερασόπουλος, Ευάγγελος ; Γλωσσική επιμέλεια,Τζιάφα, Ελένη ; Τεχνική επιμέλεια,Σιώμος, Νικόλαος ; .</subfield>
  </datafield>
  <datafield tag="260" ind1=" " ind2=" ">
   <subfield code="a">Αθήνα :</subfield>
   <subfield code="b">Σύνδεσμος Ελληνικών Ακαδημαϊκών Βιβλιοθηκών,</subfield>
   <subfield code="c">c2015.</subfield>
  </datafield>
  <datafield tag="490" ind1=" " ind2=" ">
   <subfield code="a">Ακαδημαϊκά Ηλεκτρονικά Συγγράμματα και Βοηθήματα Κάλλιπος</subfield>
   <subfield code="8">40</subfield>
  </datafield>
  <datafield tag="520" ind1=" " ind2=" ">
   <subfield code="a">Οι μετρήσεις είναι ζωτικής σημασίας για όλες τις ατμοσφαιρικές μελέτες και εφαρμογές (μετεωρολογικές, κλιματολογικές και περιβαλλοντικές). Το προτεινόμενο βιβλίο περιγράφει τις μεθόδους που χρησιμοποιούνται για τη μέτρηση των σημαντικότερων μεταβλητών του ατμοσφαιρικού περιβάλλοντος: την ηλιακή και γήινη ακτινοβολία, τις μετεωρολογικές παραμέτρους (θερμοκρασία και υγρασία του αέρα, βαρομετρική πίεση, ταχύτητα και διεύθυνση του ανέμου) καθώς και την ποιότητα του αέρα (συγκεντρώσεις ατμοσφαιρικών ρύπων). Στο βιβλίο αναλύονται τα χαρακτηριστικά, η αβεβαιότητα και οι πηγές λάθους των αισθητήρων και των συστημάτων μέτρησης των ατμοσφαιρικών παραμέτρων. Καλύπτεται όλο το φάσμα των τεχνικών μέτρησης (επιφανείας-καθ’ ύψος-στήλης καθώς και επιτόπιες-ενεργούς τηλεπισκόπησης-παθητικής τηλεπισκόπησης). Το βιβλίο θα είναι σημαντικό για τους φοιτητές των περιβαλλοντικών επιστημών αλλά και σε όλους τους επαγγελματίες που χρησιμοποιούν ή συλλέγουν ατμοσφαιρικά δεδομένα σε ένα ευρύ φάσμα των περιβαλλοντικών επιστημών: μετεωρολογία, κλιματολογία, ατμοσφαιρική ρύπανση.</subfield>
  </datafield>
  <datafield tag="650" ind1=" " ind2="0">
   <subfield code="a">Meteorology</subfield>
   <subfield code="8">2409</subfield>
  </datafield>
  <datafield tag="650" ind1=" " ind2="0">
   <subfield code="a">Meteorological instruments</subfield>
   <subfield code="8">2410</subfield>
  </datafield>
  <datafield tag="653" ind1=" " ind2=" ">
   <subfield code="a">Μετεωρολογικά όργανα</subfield>
  </datafield>
  <datafield tag="653" ind1=" " ind2=" ">
   <subfield code="a">Μέτρηση της ποιότητας του αέρα</subfield>
  </datafield>
  <datafield tag="653" ind1=" " ind2=" ">
   <subfield code="a">Ατμοσφαιρική τεχνολογία</subfield>
  </datafield>
  <datafield tag="653" ind1=" " ind2=" ">
   <subfield code="a">Φυσική</subfield>
   <subfield code="a">Γεωφυσική και φυσική περιβάλλοντος</subfield>
   <subfield code="a">Ιδιότητες και δυναμική της ατμόσφαιρας. Μετεωρολογία</subfield>
  </datafield>
  <datafield tag="700" ind1="1" ind2=" ">
   <subfield code="a">Μπάης, Αλκιβιάδης</subfield>
   <subfield code="e">Συγγραφέας</subfield>
   <subfield code="8">1089</subfield>
  </datafield>
  <datafield tag="700" ind1="1" ind2=" ">
   <subfield code="a">Μπαλής, Δημήτριος</subfield>
   <subfield code="e">Συγγραφέας</subfield>
   <subfield code="8">1090</subfield>
  </datafield>
  <datafield tag="700" ind1="1" ind2=" ">
   <subfield code="a">Γερασόπουλος, Ευάγγελος</subfield>
   <subfield code="e">Κριτικός αναγνώστης</subfield>
   <subfield code="8">809</subfield>
  </datafield>
  <datafield tag="856" ind1="4" ind2="0">
   <subfield code="u">http://hdl.handle.net/11419/2337</subfield>
   <subfield code="z">Πλήρες Κείμενο - Full text</subfield>
  </datafield>
  <datafield tag="907" ind1=" " ind2=" ">
   <subfield code="a">.b25679193</subfield>
   <subfield code="b">12-06-18</subfield>
   <subfield code="c">29-07-16</subfield>
  </datafield>
  <datafield tag="949" ind1=" " ind2=" ">
   <subfield code="0">0</subfield>
   <subfield code="1">0</subfield>
   <subfield code="2">ddc</subfield>
   <subfield code="4">0</subfield>
   <subfield code="6">551_000000000000000_ΜΕΛ</subfield>
   <subfield code="7">0</subfield>
   <subfield code="8">KALL</subfield>
   <subfield code="8">678</subfield>
   <subfield code="d">2016-04-13</subfield>
   <subfield code="r">2016-04-13</subfield>
   <subfield code="w">2016-04-13</subfield>
   <subfield code="z">551 ΜΕΛ</subfield>
   <subfield code="o">SEAB KALLIPOS</subfield>
  </datafield>
  <datafield tag="998" ind1=" " ind2=" ">
   <subfield code="a">80</subfield>
   <subfield code="a">01</subfield>
   <subfield code="a">02</subfield>
   <subfield code="a">04</subfield>
   <subfield code="a">03</subfield>
   <subfield code="a">05</subfield>
   <subfield code="a">06</subfield>
   <subfield code="a">07</subfield>
   <subfield code="a">08</subfield>
   <subfield code="a">09</subfield>
   <subfield code="a">10</subfield>
   <subfield code="a">11</subfield>
   <subfield code="a">12</subfield>
   <subfield code="a">13</subfield>
   <subfield code="a">14</subfield>
   <subfield code="a">15</subfield>
   <subfield code="a">16</subfield>
   <subfield code="a">17</subfield>
   <subfield code="a">18</subfield>
   <subfield code="a">19</subfield>
   <subfield code="a">20</subfield>
   <subfield code="a">21</subfield>
   <subfield code="a">22</subfield>
   <subfield code="a">23</subfield>
   <subfield code="a">24</subfield>
   <subfield code="a">25</subfield>
   <subfield code="a">26</subfield>
   <subfield code="b">16-05-17</subfield>
   <subfield code="c">m</subfield>
   <subfield code="d">z  </subfield>
   <subfield code="e">-</subfield>
   <subfield code="f">gre</subfield>
   <subfield code="g">gr </subfield>
   <subfield code="h">0</subfield>
  </datafield>
  <datafield tag="942" ind1=" " ind2=" ">
   <subfield code="2">ddc</subfield>
   <subfield code="c">KALLIPOS</subfield>
  </datafield>
 </record>
</collection>
